Historical Geography - Statistics

General Stats
  • This quiz has been taken 139 times
  • The average score is 10 of 15
Answer Stats
Hint Answer % Correct
Which former city was known for its hanging gardens? Babylon
92%
What was the old name of New York? New Amsterdam
89%
Which people lived in Central Mexico around 1300 - 1500? Aztecs
88%
Which jail in Paris was stormed in 1789? Bastille
84%
What was the old capital of Japan? Kyoto
82%
What was the old name of the DRC? Zaire
81%
Which country in North America was first discovered by Columbus? Bahamas
71%
Which complex is a symbol of Cambodian buddhism? Angkor Wat
66%
What is the oldest country in Europe? San Marino
65%
Which empire existed in West Africa between1235 and 1670. Mali Empire
61%
Tanzania consisted out of two countries; Zanzibar and ... Tanganyika
59%
In which city is the 'terracotta army' stored? Xi'an
55%
Which Palestinian city claims to be the oldest in the world? Jericho
46%
Which province or territory joined Canada most recently? Nunavut
46%
What was the first capital of Siam (Thailand)? Sukhothai
2%
No matching quizzes found
Score Distribution
Percent of People with Each Score
Percentile by Number Answered
Your Score History
You have not taken this quiz